Statistics for Football Player Map Quiz

Click here to take the quiz!

General Stats

  • This quiz has been taken 38 times
  • The average score is 12 of 15

Answers on the Map

Answers color-coded by a green-red scale on the quiz's map according to % correct below.
 

Answer Stats

Answer% Correct
Cristiano Ronaldo
94%
Nicolò Barella
94%
Alphonso Davies
90%
Chwitscha Kwarazchelia
90%
Gonzalo Higuain
84%
Adama Traoré
77%
Anssi Suhonen
77%
Philipp Lienhart
77%
Son Heung-min
77%
Randal Kolo Muani
74%
Kevin-Prince Boateng
71%
Ritsu Dōan
71%
Sergiño Dest
71%
Marvin Plattenhardt
61%
Chanathip Songkrasin
58%

Score Distribution

Percentile by Number Answered

Percent of People with Each Score

Your Score History

You have not taken this quiz